| 000 | 00778nam a2200265Ia 4500 | ||
|---|---|---|---|
| 003 | OSt | ||
| 005 | 20220926013317.0 | ||
| 006 | a|||||r|||| 00| 0 | ||
| 007 | ta | ||
| 008 | 220923b |||||||| |||| 00| 0 eng d | ||
| 037 | _cGeneral Book | ||
| 040 |
_aRTL _cRTL _beng |
||
| 041 |
_2eng _aeng |
||
| 082 | _aW:28, J3;K9 | ||
| 100 |
_aDimock Marshall Edward _9116995 |
||
| 245 | 0 | _aPublic administration | |
| 250 | _a4 | ||
| 260 |
_aNew York _bHolt Ribchart and Winston _c1969 |
||
| 300 |
_avi, 634p _ccm. |
||
| 500 | _aBibliography at the end of each chapter | ||
| 650 |
_aPublic Administration _911039 |
||
| 700 | _a Dimock Gladys Ogden | ||
| 942 |
_hW:28, J3;K9 _cGB _2CC |
||
| 999 |
_c625665 _d625665 |
||